| 000 | 00382nam a2200145Ia 4500 | ||
|---|---|---|---|
| 008 | 230917s9999||||xx |||||||||||||| ||und|| | ||
| 040 |
_e118120 _aMAIN |
||
| 041 | _aEnglish | ||
| 082 | _a587 B53A | ||
| 100 | _aBir,S.S. ED. | ||
| 245 | 0 | _aAspects of plant sciences pteridophytes.v.-6. | |
| 260 |
_aNew Delhi _bToday's Tomorrow's Printers _c1983 |
||
| 300 | _a253p. p. | ||
| 942 | _cBK | ||
| 999 |
_c61471 _d61471 |
||